Desarrollo capitalista agropecuario de Guanacaste: una interpretación
Interpretación de las transformaciones económicas ocurridas en la provincia de Guanacaste, Costa Rica. A partir de una investigación de campo y otros estudios, analiza las características más destacadas del sector agropecuario en Guanacaste, la estructura económica del sector en la década de 1950, l...
Đã lưu trong:
| Tác giả chính: | |
|---|---|
| Định dạng: | Texto |
| Được phát hành: |
San José:
CSUCA
|
| Những chủ đề: | |
| Các nhãn: |
Thêm thẻ
Không có thẻ, Là người đầu tiên thẻ bản ghi này!
|
MARC
| LEADER | 00000 a a2200000 04500 | ||
|---|---|---|---|
| 001 | 19933 | ||
| 003 | |||
| 040 | |||
| 090 | |a 081100 | ||
| 100 | |a Carcanholo Fogaca, Reinaldo Antonio | ||
| 245 | |a Desarrollo capitalista agropecuario de Guanacaste: una interpretación | ||
| 260 | |a San José: |b CSUCA | ||
| 300 | |a 43 p. | ||
| 520 | |a Interpretación de las transformaciones económicas ocurridas en la provincia de Guanacaste, Costa Rica. A partir de una investigación de campo y otros estudios, analiza las características más destacadas del sector agropecuario en Guanacaste, la estructura económica del sector en la década de 1950, la estructura económica actual y las tendencias futuras./ACM | ||
| 650 | |a CAPITALISMO | ||
| 650 | |a ESTRUCTURA ECONOMICA | ||
| 650 | |a ECONOMIA AGRICOLA | ||
| 650 | |a SECTOR AGROPECUARIO | ||
| 650 | |a PUB. CSUCA | ||
| 999 | |c 17123 |d 17123 | ||
